LDR 01246naa#a2200181#i#450# 001 EN\\bibl\19483 005 20260516051226.6 100 ## _a20260515b2026####ek#y0engy0150####ca 102 ## _aRU 200 1# _aASSESSMENT OF THE SANITARY CONDITION OF THE HOYEN BOR NATURAL RESERVE _eConference article/thesis 210 1# _aVoronezh _cFSBE Institution of Higher Education Voronezh State University of Forestry and Technologies named after G.F. Morozov _d2026 215 ## _a7 с. 608 ## _aConference article/thesis _2local 675 ## _aПрирода. Изучение и охрана природы. Охрана растительного и животного мира, охрана ландшафтов. Комплексные исследования, охватывающие вопросы разделов 502 и 504, классифицируются в 504. 502 _aПланировка в масштабе страны. Районная планировка.Градостроительство. Ландшафтная и садово-парковая архитектура. Преобразование ландшафта. 71 _z 700 #1 _aTolbina _gI. A. 700 #1 _aTseplyaev _gAleksey N. 700 #1 _aPopova _gValentina Trofimovna 856 4# _abibl.vgltu.ru _u